000 00633nam a2200181Ia 4500
008 151202s9999||||xx |||||||||||||| ||und||
082 _bPNVM-80955
100 _a---
245 _aसार्थ व सटीप श्री एकनाथी भागवत.
260 _bश्री एकनाथ मंडळ सातारा.
260 _c1973
300 _a783
600 _a---
630 _aसार्थ व सटीप श्री एकनाथी भागवत.
700 _a---
730 _aसार्थ व सटीप श्री एकनाथी भागवत.
942 _cBOOK
999 _c1345563
_d1345560